<?xml version="1.0" encoding="UTF-8"?>
<resp>
  <nextPage>https://data.bn.org.pl/api/networks/bibs.marcxml?marc=001+b00001150002948&amp;sinceId=1150002949</nextPage>
  <collection>
    <record xmlns='http://www.loc.gov/MARC21/slim'><leader>01032nam a2200325 i 4500</leader><controlfield tag='001'>b00001150002948</controlfield><controlfield tag='005'>20250710040531.8</controlfield><controlfield tag='008'>230609s        pl           |000 0 pol c</controlfield><controlfield tag='009'>9913261891605606</controlfield><datafield ind1=' ' ind2=' ' tag='020'><subfield code='a'>8371532628</subfield></datafield><datafield ind1=' ' ind2=' ' tag='035'><subfield code='a'>KR_1KR_1_20120318002040077175-48omnis_kr</subfield></datafield><datafield ind1=' ' ind2=' ' tag='035'><subfield code='a'>KR_1_20120318002040077175</subfield><subfield code='9'>ExL</subfield></datafield><datafield ind1=' ' ind2=' ' tag='035'><subfield code='a'>(PL)b00001150002948</subfield></datafield><datafield ind1=' ' ind2=' ' tag='040'><subfield code='a'>KR_1</subfield><subfield code='c'>KR_1</subfield><subfield code='d'>WA N</subfield></datafield><datafield ind1='1' ind2=' ' tag='100'><subfield code='a'>Usenko, Natalìâ Oleksandrìvna</subfield></datafield><datafield ind1='1' ind2='0' tag='245'><subfield code='a'>Sindbad i błękitny lew /</subfield><subfield code='c'>Natalia Usenko ; [il. Paweł Głodek i Katarzyna Głodek].</subfield></datafield><datafield ind1=' ' ind2=' ' tag='260'><subfield code='a'>W-wa :</subfield><subfield code='b'>&quot;Kama&quot;,</subfield><subfield code='c'>[1998].</subfield></datafield><datafield ind1=' ' ind2=' ' tag='300'><subfield code='a'>[10] s.:</subfield><subfield code='b'>il.;</subfield><subfield code='c'>15 cm.</subfield></datafield><datafield ind1='1' ind2=' ' tag='490'><subfield code='a'>Biblioteka Najmłodszych</subfield></datafield><datafield ind1='1' ind2=' ' tag='490'><subfield code='a'>Sindbad</subfield></datafield><datafield ind1='1' ind2=' ' tag='700'><subfield code='a'>Głodek, Paweł.</subfield><subfield code='e'>Il.</subfield></datafield><datafield ind1='1' ind2=' ' tag='700'><subfield code='a'>Głodek, Katarzyna</subfield><subfield code='e'>Il.</subfield></datafield><datafield ind1=' ' ind2=' ' tag='852'><subfield code='b'>48OMNIS_NETWORK</subfield><subfield code='8'>9913261891605606</subfield></datafield><datafield ind1=' ' ind2=' ' tag='852'><subfield code='b'>48OMNIS_KR</subfield><subfield code='8'>991000029469708216</subfield></datafield><datafield ind1=' ' ind2=' ' tag='920'><subfield code='a'>83-7153-262-8</subfield></datafield></record>
  </collection>
</resp>
